La ideología norteamericana sobre inversiones extranjeras

Guardat en:
Dades bibliogràfiques
Autor principal: González Casanova, Pablo
Format: Text
Publicat: México D.F.: UNAM
Etiquetes: Afegir etiqueta
Sense etiquetes, Sigues el primer a etiquetar aquest registre!

MARC

LEADER 00000 a a2200000 04500
001 24503
003
040 |a CRAI/IIS  |c CRAI/IIS 
090 |a 172200  
100 |a González Casanova, Pablo  
245 |a La ideología norteamericana sobre inversiones extranjeras  
260 |a México D.F.:   |b UNAM  
300 |a 190 p.  
999 |c 7814  |d 7814